| 000 | 00727nam a2200229 4500 | ||
|---|---|---|---|
| 005 | 20250723161603.0 | ||
| 010 | _aENG-146090 | ||
| 020 |
_a9789394899568 _c220.00 |
||
| 035 | _aEN-129622 | ||
| 037 | _bDBAD | ||
| 082 | _a633.18 | ||
| 100 |
_aKrishnan, V. _983206 |
||
| 245 |
_aA Glance at traditional Landraces of Rice/ _cV. Krishnan...[et.al] |
||
| 250 | _a1 | ||
| 260 |
_aMadurai _bShanlax Publications _c2022 |
||
| 270 |
_a61,66 Vasantha Nagar _bMadurai _e625003 _mshanlaxpublications@gmail.com |
||
| 300 |
_a102p. _c22cm(Pb) |
||
| 700 |
_aA. Anuratha _eAuthor _983207 |
||
| 700 |
_aJayaramachandran, M. _eAuthor _983208 |
||
| 700 |
_aVengadessan, V. _eAuthor _983209 |
||
| 942 |
_2ddc _cEN _h633.18 _mKRI |
||
| 999 |
_c212516 _d212516 |
||